| 000 | 00617nam a2200193 a 4500 | ||
|---|---|---|---|
| 005 | 20140310183454.0 | ||
| 008 | 090803s19uu xx 00 eng d | ||
| 020 | _a1412909473 | ||
| 050 |
_aHD 69.P75 _b.C616 2006 |
||
| 100 | _aCobb, Anthony T. | ||
| 245 |
_aLeading project teams : _ban introduction to the basics of project management and project team leadership / _cAnthony T. Cobb |
||
| 260 |
_aThousand Oaks : _bSage Publication0., _c2006. |
||
| 300 |
_a178 p. : _c22 cm. |
||
| 521 | _aBSBA | ||
| 650 | _aProject management. | ||
| 650 | _aTeam in the workplace. | ||
| 942 |
_cBK _2lcc _kFOR |
||
| 999 |
_c23551 _d23551 |
||